Industrialización de la construcción
Tallennettuna:
| Päätekijä: | |
|---|---|
| Aineistotyyppi: | Tuntematon |
| Julkaistu: |
[San José, Costa Rica]
1981
|
| Aiheet: | |
| Tagit: |
Lisää tagi
Ei tageja, Lisää ensimmäinen tagi!
|
MARC
| LEADER | 00000 a2200000 4500 | ||
|---|---|---|---|
| 003 | 001412 | ||
| 005 | 20221231143743.0 | ||
| 008 | 140114s1981 c a m 000 ||s d | ||
| 040 | |c cru CEDI | ||
| 090 | |a TFG 1025 | ||
| 100 | |a Méndez Castro, Gerardo |9 15874 | ||
| 245 | |a Industrialización de la construcción | ||
| 260 | |c 1981 |a [San José, Costa Rica] | ||
| 300 | |a 62 hojas : ilustraciones ; 28 cm | ||
| 500 | |a Proyecto de graduación (ingeniero civil)--Universidad de Costa Rica. | ||
| 650 | |x VIVIENDA - GUARARI (HEREDIA, COSTA RICA) |x INDUSTRIA DE LA CONSTRUCCION |x CONSTRUCCION - COSTA RICA |9 15875 | ||
| 942 | |c TFG | ||
| 999 | |c 11286 |d 11286 | ||
